000 00861nam a2200253Ia 4500
999 _c55569
_d55569
001 22651
003 GE_BSU
005 20230410111132.0
008 181216s ||||enk|||||||||||||| ||eng||
020 _a9789941228476
040 _cGE_BSU
080 _a811.111.1 Sh-53
100 _aSHAVLADZE, TEA
_913362
245 2 _aA COURSE IN ENGLISH PHONETICS TEORY AND PRACTICE /
_cTEA SHAVLADZE, MAIA TAKIDZE ; Edited by : T.SIRADZE.
264 _aTbilisi :
_bUNIVERSAL,
_c2016.
300 _a163 p. ;
_c19 cm.
541 _h10gel.
653 _aA COURSE IN ENGLISH PHONETICS TEORY AND PRACTICE
653 _aინგლისური ენა(გრამატიკა)
653 _aინგლისური ენის ფონეტიკა
700 _aTAKIDZE, MAIA
_cby
_917566
700 _aSIRADZE, T.
_cEdited by
_917567
942 _cBK
_2udc